000 00655nam a2200277Ia 4500
005 20260324142406.0
008 008 260324s9999 xx 000 0 eng d
020 _a9781315137254
037 _aEBOOK
040 _aCRL
040 _beng
040 _cCRL
041 _2eng
041 _aeng
084 _qCRL
100 _aG F Roach
_91211763
245 3 _aAn Introduction to Linear and Nonlinear Scattering Theory
260 _bTaylor and Francis
260 _c1995
365 _a
365 _b385
856 _uhttp://www.taylorfrancis.com/books/9781315137254
942 _cEBOOK
999 _c1815912
_d1815912